[Event "44th Chess Olympiad Open 2022"]
[Site "Chennai"]
[Date "2022.08.01"]
[Round "4.31"]
[White "Morovic Fernandez, Ivan"]
[Black "Boudriga, Mohamed Ali"]
[Result "1/2-1/2"]
[WhiteElo "2489"]
[BlackElo "2308"]
[Annotator "TA"]
[PlyCount "63"]
[EventDate "2022.07.29"]
[EventType "team-tourn"]
[EventCountry "IND"]
[SourceTitle "playchess.com"]
[Source "ChessBase"]
[SourceQuality "1"]
[WhiteTeam "Chile"]
[BlackTeam "Tunisia"]
[WhiteTeamCountry "CHI"]
[BlackTeamCountry "TUN"]

1. d4 d5 2. c4 c6 3. Nf3 Nf6 4. e3 e6 5. Bd3 Nbd7 6. O-O Bd6 7. Nbd2 O-O 8. e4
e5 9. cxd5 cxd5 10. exd5 exd4 11. Ne4 Nxe4 12. Bxe4 Nf6 13. Bg5 h6 14. Bxf6
Qxf6 15. Qxd4 Qxd4 16. Nxd4 Bd7 17. Rad1 g6 18. Bd3 a6 19. Rc1 Rfe8 20. Nb3 Re5
21. f4 Re3 22. Rc3 Rc8 23. Rxc8+ Bxc8 24. Rc1 Bd7 25. Bf1 Bxf4 26. g3 Rxb3 27.
gxf4 Rxb2 28. Rc7 Bb5 29. d6 Rd2 30. Bxb5 axb5 31. d7 Kg7 32. Rxb7 1/2-1/2

[Event "44th Chess Olympiad Open 2022"]
[Site "Chennai"]
[Date "2022.08.01"]
[Round "4.31"]
[White "Lopez Silva, Hugo"]
[Black "Bouzidi, Ahmed"]
[Result "1-0"]
[WhiteElo "2403"]
[BlackElo "2148"]
[Annotator "TA"]
[PlyCount "102"]
[EventDate "2022.07.29"]
[EventType "team-tourn"]
[EventCountry "IND"]
[SourceTitle "playchess.com"]
[Source "ChessBase"]
[SourceQuality "1"]
[WhiteTeam "Chile"]
[BlackTeam "Tunisia"]
[WhiteTeamCountry "CHI"]
[BlackTeamCountry "TUN"]

1. e4 e5 2. Nf3 Nc6 3. Bc4 Bc5 4. c3 Nf6 5. d3 h6 6. Nbd2 d6 7. Nf1 O-O 8. Ng3
Be6 9. Bb3 Bb6 10. O-O d5 11. Qe2 dxe4 12. dxe4 Bxb3 13. axb3 Qd7 14. b4 a6 15.
Rd1 Qg4 16. Kf1 Rad8 17. Bd2 Rd7 18. Qc4 Re8 19. h3 Qe6 20. b3 Qe7 21. Nf5 Qe6
22. Ng3 Qe7 23. Be1 Red8 24. Nf5 Qe8 25. Rd2 Rxd2 26. Nxd2 Ne7 27. Nxe7+ Qxe7
28. Qe2 Qe6 29. Qc4 Qd7 30. Nf3 Qe8 31. Ra2 Rd6 32. Rd2 Rc6 33. Qd3 Rd6 34. Qc4
Rc6 35. Qd3 Rd6 36. Qe2 Rxd2 37. Nxd2 Qc6 38. Qd3 Qb5 39. Nc4 a5 40. bxa5 Bxa5
41. b4 Bb6 42. Ke2 Ba7 43. Na5 Qb6 44. c4 Nh5 45. g3 Qe6 46. Qd8+ Kh7 47. Qd5
Qxh3 48. Qxe5 Bb6 49. Nxb7 g6 50. c5 Qc8 51. cxb6 Qxb7 1-0

[Event "44th Chess Olympiad Open 2022"]
[Site "Chennai"]
[Date "2022.08.01"]
[Round "4.31"]
[White "Zaibi, Amir"]
[Black "Henriquez Villagra, Cristobal"]
[Result "0-1"]
[WhiteElo "2398"]
[BlackElo "2620"]
[Annotator "TA"]
[PlyCount "64"]
[EventDate "2022.07.29"]
[EventType "team-tourn"]
[EventCountry "IND"]
[SourceTitle "playchess.com"]
[Source "ChessBase"]
[SourceQuality "1"]
[WhiteTeam "Tunisia"]
[BlackTeam "Chile"]
[WhiteTeamCountry "TUN"]
[BlackTeamCountry "CHI"]

1. c4 e6 2. Nf3 d5 3. d4 Nf6 4. g3 Bb4+ 5. Bd2 Be7 6. Bg2 O-O 7. O-O Nbd7 8.
Qc2 c6 9. Rc1 a5 10. Bf4 h6 11. Nc3 dxc4 12. Nd2 Nb6 13. e4 g5 14. Be3 Ng4 15.
e5 c5 16. Qe4 Nxe3 17. fxe3 cxd4 18. exd4 Bd7 19. Qxb7 Rb8 20. Qe4 Bc6 21. Qxc6
Qxd4+ 22. Kh1 Qxd2 23. Rf1 Qxb2 24. Qf3 Nd7 25. Rae1 Bb4 26. Qh5 Qxc3 27. Qxh6
Nxe5 28. a3 Nd3 29. axb4 Qg7 30. Qxg7+ Kxg7 31. bxa5 Nxe1 32. Rxe1 c3 0-1

[Event "44th Chess Olympiad Open 2022"]
[Site "Chennai"]
[Date "2022.08.01"]
[Round "4.31"]
[White "Amdouni, Zoubaier"]
[Black "Salinas Herrera, Pablo"]
[Result "0-1"]
[WhiteElo "2224"]
[BlackElo "2526"]
[Annotator "TA"]
[PlyCount "140"]
[EventDate "2022.07.29"]
[EventType "team-tourn"]
[EventCountry "IND"]
[SourceTitle "playchess.com"]
[Source "ChessBase"]
[SourceQuality "1"]
[WhiteTeam "Tunisia"]
[BlackTeam "Chile"]
[WhiteTeamCountry "TUN"]
[BlackTeamCountry "CHI"]

1. e4 c5 2. Nf3 e6 3. d4 cxd4 4. Nxd4 a6 5. Bd3 Bc5 6. Nb3 Ba7 7. O-O Nc6 8.
Qg4 Qf6 9. Bg5 Qg6 10. Qh4 f6 11. Bf4 h5 12. Be2 Qh7 13. Bd6 Ne5 14. N1d2 Nf7
15. Ba3 Ne7 16. e5 Nxe5 17. Ne4 Nf5 18. Nd6+ Nxd6 19. Bxd6 g5 20. Qb4 Nc6 21.
Qd2 Bb8 22. Ba3 Qf5 23. Qd1 g4 24. Nc5 b6 25. Nb3 Bb7 26. Bd6 Bxd6 27. Qxd6 Qe5
28. Rad1 O-O-O 29. Qd2 Qc7 30. Qe3 Ne5 31. Nd4 h4 32. f4 gxf3 33. Bxf3 Nxf3+
34. Nxf3 Qc5 35. Qxc5+ bxc5 36. Rd6 Kc7 37. Rd2 Rdg8 38. Ne1 Rh6 39. Kf2 Be4
40. Ke3 d5 41. Rf4 f5 42. Nf3 d4+ 43. Kf2 e5 44. Nxe5 Rxg2+ 45. Ke1 h3 46. Nd3
Kd6 47. Rff2 Re6 48. Kf1 Rg4 49. Nf4 Rh6 50. b4 cxb4 51. Rxd4+ Ke5 52. Rd8 Rc6
53. Nd3+ Kf6 54. Ke1 a5 55. Rd4 Rc3 56. Kd2 Ra3 57. Nc5 Ke5 58. Rd8 Rg2 59.
Re8+ Kd5 60. Nxe4 fxe4 61. Rd8+ Kc5 62. Rc8+ Kb5 63. Rb8+ Ka4 64. Rxg2 hxg2 65.
Rg8 Rxa2 66. Rxg2 b3 67. Kc1 Ka3 68. Kb1 e3 69. Re2 Rb2+ 70. Ka1 Rxc2 0-1

[Event "44th Chess Olympiad Open 2022"]
[Site "Chennai"]
[Date "2022.08.01"]
[Round "4.32"]
[White "Stefansson, Hannes"]
[Black "Okeke Issac"]
[Result "1-0"]
[WhiteElo "2541"]
[BlackElo "2204"]
[Annotator "TA"]
[PlyCount "31"]
[EventDate "2022.07.29"]
[EventType "team-tourn"]
[EventCountry "IND"]
[SourceTitle "playchess.com"]
[Source "ChessBase"]
[SourceQuality "1"]
[WhiteTeam "Iceland"]
[BlackTeam "Nigeria"]
[WhiteTeamCountry "ISL"]
[BlackTeamCountry "NGR"]

1. d4 Nf6 2. c4 e6 3. Nf3 b6 4. g3 Ba6 5. b3 Bb4+ 6. Bd2 Be7 7. Nc3 c5 8. Bg2
Bb7 9. d5 exd5 10. Nh4 O-O 11. Nf5 d6 12. Bf4 Qd7 13. Nxe7+ Qxe7 14. Nxd5 Nxd5
15. Bxd5 Rd8 16. Bg5 1-0

[Event "44th Chess Olympiad Open 2022"]
[Site "Chennai"]
[Date "2022.08.01"]
[Round "4.32"]
[White "Gretarsson, Helgi Ass"]
[Black "Kigigha, Bomo"]
[Result "1-0"]
[WhiteElo "2472"]
[BlackElo "2251"]
[Annotator "TA"]
[PlyCount "61"]
[EventDate "2022.07.29"]
[EventType "team-tourn"]
[EventCountry "IND"]
[SourceTitle "playchess.com"]
[Source "ChessBase"]
[SourceQuality "1"]
[WhiteTeam "Iceland"]
[BlackTeam "Nigeria"]
[WhiteTeamCountry "ISL"]
[BlackTeamCountry "NGR"]

1. c4 c6 2. d4 d5 3. Nc3 Nf6 4. e3 e6 5. Nf3 Nbd7 6. Qc2 b6 7. Be2 Bb7 8. O-O
Bd6 9. Rd1 Qe7 10. b3 O-O 11. Bb2 Rfd8 12. Rac1 dxc4 13. bxc4 e5 14. Bd3 g6 15.
Nd2 exd4 16. exd4 Re8 17. Nce4 Nxe4 18. Bxe4 Nf6 19. Bf3 Qc7 20. g3 h5 21. c5
Be7 22. cxb6 Qxb6 23. Nc4 Qd8 24. Ne5 Rc8 25. Nxg6 fxg6 26. Qxg6+ Kf8 27. d5
cxd5 28. Rxc8 Bxc8 29. Bxd5 Be6 30. Bxe6 Qxd1+ 31. Kg2 1-0

[Event "44th Chess Olympiad Open 2022"]
[Site "Chennai"]
[Date "2022.08.01"]
[Round "4.32"]
[White "Adebayo, Adegboyega"]
[Black "Petursson, Margeir"]
[Result "1/2-1/2"]
[WhiteElo "2313"]
[BlackElo "2450"]
[Annotator "TA"]
[PlyCount "89"]
[EventDate "2022.07.29"]
[EventType "team-tourn"]
[EventCountry "IND"]
[SourceTitle "playchess.com"]
[Source "ChessBase"]
[SourceQuality "1"]
[WhiteTeam "Nigeria"]
[BlackTeam "Iceland"]
[WhiteTeamCountry "NGR"]
[BlackTeamCountry "ISL"]

1. d4 d5 2. Bf4 Nf6 3. e3 e6 4. Nf3 c5 5. c3 Nc6 6. Nbd2 Bd6 7. Bg3 O-O 8. Bd3
b6 9. Qe2 Qc7 10. dxc5 bxc5 11. e4 Nd7 12. O-O Bxg3 13. hxg3 Rb8 14. b3 Nde5
15. Nxe5 Nxe5 16. Nf3 Nxd3 17. Qxd3 c4 18. bxc4 dxe4 19. Qxe4 Bb7 20. Qe3 a5
21. Rfd1 Bxf3 22. gxf3 Qxc4 23. Rd4 Qc5 24. Rad1 h6 25. Kg2 Rb2 26. R1d2 Rb1
27. Qd3 Rc1 28. c4 g6 29. Rd1 Rxd1 30. Qxd1 h5 31. Rd8 Rxd8 32. Qxd8+ Kg7 33.
Qd3 a4 34. Qc2 a3 35. Qb3 Kf6 36. f4 Qc6+ 37. Kh2 Qc5 38. Kg2 Ke7 39. Qb7+ Ke8
40. Kf3 Kf8 41. Qb8+ Ke7 42. Qb7+ Kf6 43. Qb3 Ke7 44. Qb7+ Kf6 45. Qb3 1/2-1/2

[Event "44th Chess Olympiad Open 2022"]
[Site "Chennai"]
[Date "2022.08.01"]
[Round "4.32"]
[White "Balogun, Oluwafemi"]
[Black "Kjartansson, Gudmundur"]
[Result "1/2-1/2"]
[WhiteElo "2274"]
[BlackElo "2448"]
[Annotator "TA"]
[PlyCount "114"]
[EventDate "2022.07.29"]
[EventType "team-tourn"]
[EventCountry "IND"]
[SourceTitle "playchess.com"]
[Source "ChessBase"]
[SourceQuality "1"]
[WhiteTeam "Nigeria"]
[BlackTeam "Iceland"]
[WhiteTeamCountry "NGR"]
[BlackTeamCountry "ISL"]

1. e4 c5 2. Nf3 d6 3. d4 cxd4 4. Nxd4 Nf6 5. Nc3 a6 6. Be3 e5 7. Nb3 Be7 8. h3
O-O 9. g4 Be6 10. g5 Ne8 11. Rg1 Nc7 12. Qf3 a5 13. a4 Nc6 14. O-O-O Nb4 15.
Nc5 Qe8 16. Nxe6 fxe6 17. Qg3 Qg6 18. h4 Rfc8 19. h5 Qxh5 20. g6 Qxg6 21. Qh2
Qf7 22. Be2 Ne8 23. Bh5 g6 24. Bxg6 hxg6 25. Qh6 Bf8 26. Rxg6+ Bg7 27. Rh1 Kf8
28. Qg5 Bf6 29. Qg4 Ke7 30. Rhh6 Kd7 31. Kb1 Kc6 32. Qf3 Qe7 33. Nb5 b6 34. c3
Na6 35. Qh3 Nac7 36. Rh7 Qd8 37. Qf1 d5 38. f4 Nd6 39. exd5+ exd5 40. fxe5 Bxe5
41. Qd3 Bf6 42. Bg5 Bxg5 43. Nxd6 Qxd6 44. Rxd6+ Kxd6 45. Qg3+ Kc6 46. Qxg5 Rd8
47. c4 dxc4 48. Qf6+ Rd6 49. Qf7 Rc8 50. Qxc4+ Kb7 51. Qe4+ Kb8 52. Qf4 Rc6 53.
Qe5 Rd8 54. Qf4 Rd1+ 55. Ka2 Rd8 56. Qe5 Re8 57. Qf4 Rd8 1/2-1/2

[Event "44th Chess Olympiad Open 2022"]
[Site "Chennai"]
[Date "2022.08.01"]
[Round "4.33"]
[White "Megaranto, Susanto"]
[Black "Berend, Fred"]
[Result "1-0"]
[WhiteElo "2529"]
[BlackElo "2307"]
[Annotator "TA"]
[PlyCount "151"]
[EventDate "2022.07.29"]
[EventType "team-tourn"]
[EventCountry "IND"]
[SourceTitle "playchess.com"]
[Source "ChessBase"]
[SourceQuality "1"]
[WhiteTeam "Indonesia"]
[BlackTeam "Luxembourg"]
[WhiteTeamCountry "INA"]
[BlackTeamCountry "LUX"]

1. d4 Nf6 2. Nf3 d5 3. Bf4 c5 4. c3 Qb6 5. Qb3 Nc6 6. dxc5 Qxc5 7. e3 g6 8.
Nbd2 Bg7 9. Qb5 Qxb5 10. Bxb5 O-O 11. O-O a6 12. Bxc6 bxc6 13. Be5 a5 14. Rfc1
Bf5 15. c4 Rfc8 16. Nd4 Bd7 17. cxd5 cxd5 18. N2b3 a4 19. Nc5 Be8 20. Nd3 Ne4
21. Bxg7 Kxg7 22. Rxc8 Rxc8 23. Rc1 Rxc1+ 24. Nxc1 e5 25. Nc2 Kf6 26. f3 Nd6
27. Nd3 Bb5 28. Nc5 Nc4 29. b3 axb3 30. axb3 Nb6 31. f4 Nd7 32. Nxd7+ Bxd7 33.
Kf2 Kf5 34. fxe5 Kxe5 35. Nd4 h6 36. b4 f5 37. Ke2 f4 38. Kd3 fxe3 39. Kxe3 g5
40. Nf3+ Kd6 41. Kd4 Be8 42. Ne5 Ke6 43. Ng4 h5 44. Ne3 Bc6 45. Nd1 Ba8 46. Nc3
Bb7 47. b5 Kd6 48. Na4 Bc8 49. Nc5 h4 50. b6 Bg4 51. b7 Kc7 52. Kxd5 Be2 53.
Ke4 g4 54. Kf4 h3 55. g3 Kb8 56. Kg5 Ka7 57. Kh4 Kb8 58. Nd7+ Kxb7 59. Ne5 Kc7
60. Nxg4 Kd6 61. Kxh3 Ke6 62. Ne3 Kf6 63. g4 Kg6 64. Kg3 Bd3 65. Kf4 Kh6 66. h4
Kg6 67. h5+ Kh6 68. Nf5+ Kh7 69. g5 Kg8 70. g6 Bb5 71. Kg5 Kh8 72. h6 Bc4 73.
Ng3 Bd3 74. Nh5 Bc2 75. g7+ Kh7 76. Nf6# 1-0

[Event "44th Chess Olympiad Open 2022"]
[Site "Chennai"]
[Date "2022.08.01"]
[Round "4.33"]
[White "Ervan, Mohamad"]
[Black "Steil-Antoni, Fiona"]
[Result "1-0"]
[WhiteElo "2402"]
[BlackElo "2218"]
[Annotator "TA"]
[PlyCount "63"]
[EventDate "2022.07.29"]
[EventType "team-tourn"]
[EventCountry "IND"]
[SourceTitle "playchess.com"]
[Source "ChessBase"]
[SourceQuality "1"]
[WhiteTeam "Indonesia"]
[BlackTeam "Luxembourg"]
[WhiteTeamCountry "INA"]
[BlackTeamCountry "LUX"]

1. e4 e5 2. Nf3 Nc6 3. Bb5 a6 4. Ba4 Nf6 5. O-O b5 6. Bb3 Bc5 7. c3 d6 8. d4
Bb6 9. a4 Rb8 10. a5 Ba7 11. h3 O-O 12. Be3 Ra8 13. Nbd2 h6 14. Re1 Re8 15. Bc2
exd4 16. cxd4 Bd7 17. Bb1 Ne7 18. Nf1 Ng6 19. Ng3 c5 20. Qd2 cxd4 21. Bxd4 Bc6
22. Qc3 Bxd4 23. Nxd4 Bb7 24. Ndf5 d5 25. Nxg7 d4 26. Qd2 Kxg7 27. Nf5+ Kg8 28.
Qxh6 Nh5 29. Qxh5 Qf6 30. Ra3 Re5 31. Rg3 Rae8 32. Ba2 1-0

[Event "44th Chess Olympiad Open 2022"]
[Site "Chennai"]
[Date "2022.08.01"]
[Round "4.33"]
[White "Berend, Elvira"]
[Black "Priasmoro, Novendra"]
[Result "1/2-1/2"]
[WhiteElo "2333"]
[BlackElo "2494"]
[Annotator "TA"]
[PlyCount "140"]
[EventDate "2022.07.29"]
[EventType "team-tourn"]
[EventCountry "IND"]
[SourceTitle "playchess.com"]
[Source "ChessBase"]
[SourceQuality "1"]
[WhiteTeam "Luxembourg"]
[BlackTeam "Indonesia"]
[WhiteTeamCountry "LUX"]
[BlackTeamCountry "INA"]

1. e4 c5 2. Nf3 Nc6 3. Bb5 g6 4. O-O Bg7 5. c3 Nf6 6. Re1 O-O 7. d4 d5 8. e5
Ne4 9. Bxc6 bxc6 10. Be3 Rb8 11. Qc1 c4 12. Nbd2 Bf5 13. b3 Qa5 14. Nxe4 Bxe4
15. Nd2 Bd3 16. Bg5 Rb7 17. h4 f5 18. exf6 exf6 19. Bf4 Kf7 20. bxc4 dxc4 21.
Ne4 Bxe4 22. Rxe4 Qd5 23. Re1 Re8 24. Rxe8 Kxe8 25. Bh6 Kf7 26. Bxg7 Kxg7 27.
Qe3 Qa5 28. Qf3 Re7 29. Rf1 Qb5 30. Qg3 Kf7 31. Qd6 Qd5 32. Qb4 h5 33. Qb8 Kg7
34. Rb1 Qe4 35. g3 Kf7 36. Rf1 g5 37. Qh8 gxh4 38. Qxh5+ Kg8 39. Qxh4 Qxh4 40.
gxh4 Re2 41. Rb1 Rxa2 42. Rb4 Kg7 43. Rxc4 Ra6 44. Rc5 Kf7 45. Kg2 Ke6 46. h5
Rb6 47. Ra5 Rb7 48. Kf3 Rb3 49. Rc5 Kd6 50. Kf4 Rb2 51. f3 Rh2 52. Ra5 Rh1 53.
c4 Rc1 54. h6 Rh1 55. Rxa7 Rxh6 56. c5+ Ke6 57. Rc7 Rh4+ 58. Ke3 Kd5 59. Rd7+
Kc4 60. Rd6 f5 61. Rxc6 Rxd4 62. Rf6 Rd3+ 63. Ke2 Rd5 64. c6 Kd4 65. c7 Rc5 66.
Rf7 Ke5 67. Kd3 Rc6 68. Ke3 Rc3+ 69. Kd2 Rc5 70. Kd3 Rc6 1/2-1/2

[Event "44th Chess Olympiad Open 2022"]
[Site "Chennai"]
[Date "2022.08.01"]
[Round "4.33"]
[White "Schartz, Alain"]
[Black "Kurniawan, Muhamad Agus"]
[Result "0-1"]
[WhiteElo "2086"]
[BlackElo "2328"]
[Annotator "TA"]
[PlyCount "62"]
[EventDate "2022.07.29"]
[EventType "team-tourn"]
[EventCountry "IND"]
[SourceTitle "playchess.com"]
[Source "ChessBase"]
[SourceQuality "1"]
[WhiteTeam "Luxembourg"]
[BlackTeam "Indonesia"]
[WhiteTeamCountry "LUX"]
[BlackTeamCountry "INA"]

1. e4 c5 2. Nf3 d6 3. Bb5+ Nc6 4. d4 cxd4 5. Nxd4 Bd7 6. c4 g6 7. Nc3 Bg7 8.
Be3 Nf6 9. f3 O-O 10. O-O Rc8 11. b3 Qa5 12. Rc1 Nxd4 13. Bxd4 Be6 14. Qd3 a6
15. Ba4 Nh5 16. Bxg7 Kxg7 17. Qd4+ f6 18. f4 Bf7 19. f5 Qe5 20. Qd2 g5 21. g3
Rfd8 22. Nd5 e6 23. fxe6 Bxe6 24. Rce1 Rc5 25. Qe2 Bxd5 26. cxd5 Kg6 27. b4 Rc3
28. Rf3 Rdc8 29. Ref1 Rxf3 30. Rxf3 Rc1+ 31. Bd1 Qd4+ 0-1

[Event "44th Chess Olympiad Open 2022"]
[Site "Chennai"]
[Date "2022.08.01"]
[Round "4.34"]
[White "Bachmann, Axel"]
[Black "Tran, Thanh Tu"]
[Result "1-0"]
[WhiteElo "2588"]
[BlackElo "2375"]
[Annotator "TA"]
[PlyCount "87"]
[EventDate "2022.07.29"]
[EventType "team-tourn"]
[EventCountry "IND"]
[SourceTitle "playchess.com"]
[Source "ChessBase"]
[SourceQuality "1"]
[WhiteTeam "Paraguay"]
[BlackTeam "Japan"]
[WhiteTeamCountry "PAR"]
[BlackTeamCountry "JPN"]

1. Nf3 Nc6 2. d4 d6 3. e4 Nf6 4. Nc3 g6 5. h3 Bg7 6. d5 Nb8 7. Bc4 O-O 8. O-O
c6 9. a4 a5 10. Re1 Nfd7 11. Bg5 h6 12. Bf4 Qb6 13. Qc1 Qb4 14. Bf1 Kh7 15. Ra3
Nc5 16. e5 g5 17. Bg3 dxe5 18. Bxe5 Bf5 19. dxc6 bxc6 20. Na2 Qb6 21. Bxg7 Kxg7
22. h4 Ne4 23. Rae3 g4 24. Bd3 Nd6 25. Ne5 e6 26. Rg3 Qd4 27. b3 Rh8 28. c3 Qc5
29. Nxg4 Bxg4 30. Rxg4+ Kf8 31. Qf4 Ke7 32. b4 axb4 33. cxb4 Qd5 34. Nc3 Qxd3
35. Rd1 Qxd1+ 36. Nxd1 Rxa4 37. Nc3 Ra1+ 38. Kh2 Nd7 39. Rg3 Nf6 40. Rf3 Nfe8
41. Ne4 f5 42. Nxd6 Nxd6 43. Qe5 Raa8 44. Re3 1-0

[Event "44th Chess Olympiad Open 2022"]
[Site "Chennai"]
[Date "2022.08.01"]
[Round "4.34"]
[White "Cubas, Jose Fernando"]
[Black "Averbukh, Alex"]
[Result "1-0"]
[WhiteElo "2451"]
[BlackElo "2155"]
[Annotator "TA"]
[PlyCount "53"]
[EventDate "2022.07.29"]
[EventType "team-tourn"]
[EventCountry "IND"]
[SourceTitle "playchess.com"]
[Source "ChessBase"]
[SourceQuality "1"]
[WhiteTeam "Paraguay"]
[BlackTeam "Japan"]
[WhiteTeamCountry "PAR"]
[BlackTeamCountry "JPN"]

1. e4 e5 2. Nf3 Nf6 3. Nxe5 d6 4. Nf3 Nxe4 5. d4 d5 6. Bd3 Bf5 7. O-O Be7 8.
Re1 Nc6 9. Nc3 Nxc3 10. bxc3 Bxd3 11. Qxd3 O-O 12. Rb1 Rb8 13. Bf4 Bf6 14. Re3
Ne7 15. Rbe1 Ng6 16. Bg3 a6 17. c4 Rc8 18. c5 Qd7 19. h3 b6 20. Qxa6 bxc5 21.
dxc5 d4 22. R3e2 Qd5 23. c6 Qf5 24. a4 Ne7 25. Nxd4 Bxd4 26. Rxe7 Qxc2 27. Qxc8
1-0

[Event "44th Chess Olympiad Open 2022"]
[Site "Chennai"]
[Date "2022.08.01"]
[Round "4.34"]
[White "Kojima, Shinya"]
[Black "Delgado Ramirez, Neuris"]
[Result "1/2-1/2"]
[WhiteElo "2346"]
[BlackElo "2614"]
[Annotator "TA"]
[PlyCount "75"]
[EventDate "2022.07.29"]
[EventType "team-tourn"]
[EventCountry "IND"]
[SourceTitle "playchess.com"]
[Source "ChessBase"]
[SourceQuality "1"]
[WhiteTeam "Japan"]
[BlackTeam "Paraguay"]
[WhiteTeamCountry "JPN"]
[BlackTeamCountry "PAR"]

1. e4 c5 2. Nf3 Nc6 3. Bb5 e6 4. O-O Nge7 5. Re1 Nd4 6. Bf1 Nec6 7. d3 Nxf3+ 8.
Qxf3 Be7 9. Nd2 O-O 10. c3 b5 11. Qg3 b4 12. Nf3 Kh8 13. Bf4 d5 14. exd5 Qxd5
15. Ne5 Bb7 16. Be2 Rac8 17. Bf3 Qd8 18. Nc4 bxc3 19. bxc3 Qxd3 20. Nd6 Bxd6
21. Bxd6 Rfd8 22. Bxc5 Qxc3 23. Bxc6 Qxg3 24. hxg3 Rxc6 25. Bxa7 Ra8 26. Be3
Rca6 27. Rec1 Bd5 28. a3 h5 29. Rc7 Kg8 30. Bc5 Ra4 31. Rc1 h4 32. gxh4 Rxh4
33. f3 Rc4 34. Rxc4 Bxc4 35. Ba7 Bb5 36. Rb7 Bc6 37. Rb8+ Rxb8 38. Bxb8 1/2-1/2

[Event "44th Chess Olympiad Open 2022"]
[Site "Chennai"]
[Date "2022.08.01"]
[Round "4.35"]
[White "Macovei, Andrei"]
[Black "Juarez Flores, Carlos A."]
[Result "1-0"]
[WhiteElo "2478"]
[BlackElo "2335"]
[Annotator "TA"]
[PlyCount "49"]
[EventDate "2022.07.29"]
[EventType "team-tourn"]
[EventCountry "IND"]
[SourceTitle "playchess.com"]
[Source "ChessBase"]
[SourceQuality "1"]
[WhiteTeam "Moldova"]
[BlackTeam "Guatemala"]
[WhiteTeamCountry "MDA"]
[BlackTeamCountry "GUA"]

1. e4 c6 2. d4 d5 3. f3 e6 4. Nc3 Bb4 5. a3 Bxc3+ 6. bxc3 dxe4 7. Nh3 e5 8. Ng5
e3 9. Bxe3 h6 10. Ne4 Nf6 11. Bd3 O-O 12. dxe5 Nxe4 13. Bxe4 Qa5 14. Qd4 Na6
15. Bd3 Rd8 16. Qe4 Qxc3+ 17. Kf2 g6 18. Qh4 Re8 19. Rae1 Nc5 20. Bxh6 Rxe5 21.
Rxe5 Qxe5 22. Re1 Nxd3+ 23. cxd3 Qb2+ 24. Re2 Qb6+ 25. d4 1-0

[Event "44th Chess Olympiad Open 2022"]
[Site "Chennai"]
[Date "2022.08.01"]
[Round "4.35"]
[White "Baltag, Iulian"]
[Black "Galvez Dastin, Eduardo"]
[Result "1-0"]
[WhiteElo "2405"]
[BlackElo "2152"]
[Annotator "TA"]
[PlyCount "71"]
[EventDate "2022.07.29"]
[EventType "team-tourn"]
[EventCountry "IND"]
[SourceTitle "playchess.com"]
[Source "ChessBase"]
[SourceQuality "1"]
[WhiteTeam "Moldova"]
[BlackTeam "Guatemala"]
[WhiteTeamCountry "MDA"]
[BlackTeamCountry "GUA"]

1. c4 c6 2. d4 d5 3. e3 Nf6 4. Nc3 a6 5. Nf3 b5 6. b3 bxc4 7. bxc4 Bg4 8. Qa4
Bxf3 9. gxf3 e6 10. f4 Be7 11. c5 O-O 12. Bg2 Qc7 13. O-O Nbd7 14. Rb1 Rfb8 15.
Bd2 Rxb1 16. Rxb1 Nb8 17. a3 Ra7 18. Qb3 Nbd7 19. Bf1 h6 20. h3 g5 21. fxg5
hxg5 22. Bd3 Kg7 23. Kg2 e5 24. Bf5 Nh5 25. Ne2 e4 26. Ng3 Nhf6 27. a4 Qd8 28.
a5 Ng8 29. Qa4 Nb8 30. Rb6 Nh6 31. Qb3 Ra8 32. Rb7 Kf8 33. Qb6 Qe8 34. Qc7 Qd8
35. Qb6 Bf6 36. Rc7 1-0

[Event "44th Chess Olympiad Open 2022"]
[Site "Chennai"]
[Date "2022.08.01"]
[Round "4.35"]
[White "Cu Hor, Winston Darwin"]
[Black "Schitco, Ivan"]
[Result "1/2-1/2"]
[WhiteElo "2328"]
[BlackElo "2490"]
[Annotator "TA"]
[PlyCount "136"]
[EventDate "2022.07.29"]
[EventType "team-tourn"]
[EventCountry "IND"]
[SourceTitle "playchess.com"]
[Source "ChessBase"]
[SourceQuality "1"]
[WhiteTeam "Guatemala"]
[BlackTeam "Moldova"]
[WhiteTeamCountry "GUA"]
[BlackTeamCountry "MDA"]

1. Nf3 Nf6 2. c4 g6 3. g3 Bg7 4. Bg2 O-O 5. O-O d6 6. Nc3 e5 7. d3 Nc6 8. Rb1
a5 9. a3 Bf5 10. Ng5 h6 11. Nge4 Nxe4 12. Nxe4 Qc8 13. b4 axb4 14. axb4 Bh3 15.
b5 Bxg2 16. Kxg2 Ne7 17. Qb3 Qe6 18. Ba3 Kh7 19. Nc3 c6 20. Ne4 c5 21. Nc3 f5
22. Nd5 Nxd5 23. cxd5 Qd7 24. Bb2 Rae8 25. Qc4 e4 26. Bxg7 Qxg7 27. Ra1 Rf7 28.
Ra4 Qb2 29. e3 exd3 30. Qxd3 Rfe7 31. Rb1 Qg7 32. Rc1 Qf7 33. h4 Re4 34. Rac4
R8e5 35. Rd1 Kg7 36. b6 g5 37. hxg5 hxg5 38. Qc3 Kg6 39. Qc2 Kg7 40. Qc3 Qh5
41. Rd2 g4 42. Rxe4 Qh3+ 43. Kg1 fxe4 44. Qa1 Kf7 45. Qa4 Ke7 46. Ra2 Qh8 47.
Qc4 Qg8 48. Ra7 Qxd5 49. Qa6 Ke6 50. Qxb7 Qxb7 51. Rxb7 Rd5 52. Kf1 Rd1+ 53.
Ke2 Rb1 54. Kd2 Rb2+ 55. Kc3 Rxf2 56. Rg7 Rf1 57. Kc4 Rb1 58. Rg6+ Kd7 59. Kd5
Rd1+ 60. Kxe4 Kc6 61. Rxg4 Kxb6 62. Rg8 Kb5 63. g4 d5+ 64. Ke5 Kc4 65. Rc8 Rg1
66. Kd6 Rxg4 67. Rxc5+ Kd3 68. Rxd5+ Kxe3 1/2-1/2

[Event "44th Chess Olympiad Open 2022"]
[Site "Chennai"]
[Date "2022.08.01"]
[Round "4.35"]
[White "Lorenzana, Wilson Estuardo"]
[Black "Hamitevici, Vladimir"]
[Result "0-1"]
[WhiteElo "2182"]
[BlackElo "2473"]
[Annotator "TA"]
[PlyCount "162"]
[EventDate "2022.07.29"]
[EventType "team-tourn"]
[EventCountry "IND"]
[SourceTitle "playchess.com"]
[Source "ChessBase"]
[SourceQuality "1"]
[WhiteTeam "Guatemala"]
[BlackTeam "Moldova"]
[WhiteTeamCountry "GUA"]
[BlackTeamCountry "MDA"]

1. e4 e5 2. Nf3 Nc6 3. Bc4 Nf6 4. d3 h6 5. O-O d6 6. a4 g5 7. Nc3 Bg7 8. a5 a6
9. Nd5 Nxd5 10. Bxd5 O-O 11. Ne1 Ne7 12. Bb3 d5 13. Bd2 Qd6 14. Qe2 Be6 15. Rd1
Rae8 16. g3 f5 17. Ng2 f4 18. f3 Nc6 19. Bc3 Qc5+ 20. Rf2 d4 21. Bxe6+ Rxe6 22.
Be1 Qb5 23. Ra1 Rd8 24. b3 b6 25. axb6 cxb6 26. Ra4 a5 27. Bd2 Bf8 28. Ne1 Bb4
29. Qf1 Bxd2 30. Rxd2 Nb4 31. Qh3 Qd7 32. gxf4 exf4 33. Rg2 Rc6 34. Qh5 Qf7 35.
Qg4 Kh7 36. Ra1 Rg8 37. Re2 Re6 38. Qg2 h5 39. h3 Qd7 40. Qf1 Nc6 41. Rh2 Rh6
42. Qf2 Rgg6 43. Ng2 Qd6 44. Rf1 Ne5 45. Qd2 Rg7 46. Kf2 Qc5 47. Ke2 Rc7 48.
Rc1 Qd6 49. Ne1 Rc3 50. Kf1 Rf6 51. Ra1 Nc6 52. Qf2 Qe6 53. Qg1 Rg6 54. Qf2 Kg8
55. Rh1 Rg7 56. Ra4 b5 57. Ra1 Qd7 58. Rh2 Kf8 59. Qd2 Ke8 60. Ke2 Qc7 61. Kd1
Kd7 62. Rg2 Kc8 63. Qf2 Kb7 64. Qg1 Qe7 65. h4 Rc5 66. Ra2 Rg6 67. Ra1 Kb6 68.
c4 dxc3 69. Nc2 g4 70. d4 Rd6 71. Kc1 Nxd4 72. Nxd4 Qd8 73. b4 Rxd4 74. bxc5+
Kxc5 75. fxg4 a4 76. gxh5 Kb4 77. Rc2 Rd3 78. Rb1+ Kc4 79. Qf1 b4 80. e5 Qd4
81. Rf2 Qe3+ 0-1